| 000 -LEADER |
| fixed length control field |
00329nam a2200145Ia 4500 |
| 008 - FIXED-LENGTH DATA ELEMENTS--GENERAL INFORMATION |
| fixed length control field |
200615s9999||||xx |||||||||||||| ||und|| |
| 020 ## - INTERNATIONAL STANDARD BOOK NUMBER |
| International Standard Book Number |
9788131808146 |
| 082 ## - DEWEY DECIMAL CLASSIFICATION NUMBER |
| Classification number |
620 |
| Item number |
STR-R |
| 100 ## - MAIN ENTRY--PERSONAL NAME |
| Personal name |
RAJPUT,RK |
| 245 #0 - TITLE STATEMENT |
| Title |
STRENGTH OF MATERIALS |
| 250 ## - EDITION STATEMENT |
| Edition statement |
4TH |
| 260 ## - PUBLICATION, DISTRIBUTION, ETC. |
| Place of publication, distribution, etc. |
New Delhi |
| Name of publisher, distributor, etc. |
S.CHAND |
| Date of publication, distribution, etc. |
2016 |
| 300 ## - PHYSICAL DESCRIPTION |
| Extent |
995 |
| 942 ## - ADDED ENTRY ELEMENTS (KOHA) |
| Koha item type |
Book |